000 00945cam a2200265 a 4500
001 000001696
005 20250520113530.0
008 760805s1977 mx a b 001 0 spa
020 _a0070431361
040 _aDO-SdBNP
_bspa
_cBNPHU
041 1 7 _aspa
_heng
_2código de idioma Marc
082 _a150
_bM847b
100 1 _aMorgan, Clifford Thomas.
_95518
240 1 2 _aA Brief Introduction to Psychology.
_lEspañol.
245 1 0 _aBreve introducción a la psicología /
_cClifford T. Morgan ; traducción de Agustín Bárcena.
260 _aMéxico, D. F. :
_b[Universidad de Texas],
_c[1977]?.
300 _a475 p. :
_bil. ;
_c20 cm.
534 _aTítulo original:
_tA Brief Introduction to Psychology
650 4 _aPsychology.
_95519
650 0 _aPsicología
_9152
650 4 _aPsicología
_xEnseñanza
_95520
650 4 _aPruebas psicológicas
_91960
700 1 _aBárcena, Agustín,
_etr.
_95521
910 _aCatalogación original noche
999 _c1577
_d1577